Hướng dẫn thực hiện chương trình, sách Giáo khoa lớp 12 môn Giáo dục công dân

Sách nói về những vấn đề chung về đổi mới giáo dục trung học phổ thông: đổi mới chương trình, nội dung giáo dục trung học phổ thông; đổi mới phương pháp dạy học; đổi mới kiểm tra, đánh giá; phương tiện, thiết bị dạy học góp phần đổi...

詳細記述

保存先:
書誌詳細
団体著者: Bộ Giáo dục và Đào tạo
フォーマット: 図書
言語:Undetermined
出版事項: Hà Nội Giáo dục
主題:
タグ: タグ追加
タグなし, このレコードへの初めてのタグを付けませんか!
Thư viện lưu trữ: Trung tâm Học liệu Trường Đại học Cần Thơ
LEADER 01309nam a2200193Ia 4500
001 CTU_156696
008 210402s9999 xx 000 0 und d
082 |a 370.115 
082 |b B450 
110 |a Bộ Giáo dục và Đào tạo 
245 0 |a Hướng dẫn thực hiện chương trình, sách Giáo khoa lớp 12 môn Giáo dục công dân 
245 0 |c Bộ Giáo dục và Đào tạo 
260 |a Hà Nội 
260 |b Giáo dục 
520 |a Sách nói về những vấn đề chung về đổi mới giáo dục trung học phổ thông: đổi mới chương trình, nội dung giáo dục trung học phổ thông; đổi mới phương pháp dạy học; đổi mới kiểm tra, đánh giá; phương tiện, thiết bị dạy học góp phần đổi mới phương pháp dạy học; Chương trình và sách giáo khoa giáo dục công dân: hướng dẫn thực hiện chương trình và sách giáo khoa môn Giáo dục công dân lớp 12; đổi mới phương pháp đánh giá... 
650 |a Moral education,Education 
650 |x Study and teaching 
904 |i Giang 
980 |a Trung tâm Học liệu Trường Đại học Cần Thơ